00618nam a2200229 a 4500001001300000003000900013005001700022008004100039020000900080082001700089100001400106245001400120260003300134300000800167500003500175650001900210700001400229902000800243942000700251952011500258999001500373nice12345678IN_TiNIC20260116011402.0050524s1962 laha grp 000 0 urd  ac2500a297.297bPAR aParvez, M aKafirgiri aLahorebMeezan Pu. Ltdc1962 a44p aincludes index and biblioraphy aIslam-Apostasy1 aParvez, M bSRS cBK 001040708StackRoom-aHMIbHMId2008-03-14g25.00l0o297.297 PARp03208r2008-03-14v25.00w2005-05-24yBK c1067d1067